Language Quiz

Random Language or Italian Quiz

Italian: Colors Quiz Stats

 Plays Quiz Updated Feb 5, 2012

Score 0/12 Timer 03:00
0 Plays Today
English Italian % Correct
GreenVerde
83.7%
RedRosso
78.5%
PinkRosa
75.6%
WhiteBianco
73.6%
BlackNero
72.3%
Dark BlueBlu
61.9%
YellowGiallo
58.9%
BrownMarrone
48.7%
GrayGrigio
48.5%
Light BlueAzzurro
46.4%
PurpleViola
43.3%
OrangeArancione
32%

You're not logged in!

Compare scores with friends on all Sporcle quizzes.
OR
Log In

Sporcle TV

Today on Sporcle TV


Watch our educational content, quiz creation guides, and fun videos on Sporcle TV.

Show Comments

Extras

Top Quizzes Today


Score Distribution

Your Account Isn't Verified!

In order to create a playlist on Sporcle, you need to verify the email address you used during registration. Go to your Sporcle Settings to finish the process.

Report this User

Report this user for behavior that violates our Community Guidelines.

Details: